Statistiques concernant Pilotes de Formule 1 - 2023

Cliquez ici pour prendre le quiz!

Statistiques générales

  • Ce quiz a été pris 262 fois
  • Le résultat moyen est 18 sur 20

Statistiques - réponses

ÉcuriePilote% Correct
FerrariCharles Leclerc
100%
RedBullMax Verstappen
100%
MercedesLewis Hamilton
99%
AlpinePierre Gasly
99%
FerrariCarlos Sainz
98%
AlpineEsteban Ocon
98%
McLarenLando Norris
96%
RedBullSergio Perez
95%
Aston MartinFernando Alonso
93%
Alpha TauriYuki Tsunoda
90%
MercedesGeorge Russell
89%
Aston MartinLance Stroll
85%
McLarenOscar Piastri
85%
Alfa RomeoValtteri Bottas
84%
HaasKevin Magnussen
79%
Alfa RomeoGuanyu Zhou
78%
HaasNico Hülkenberg
77%
WilliamsAlex Albon
76%
WilliamsLogan Sargeant
71%
Alpha TauriNick DeVries
69%

Distribution des résultats

Percentile par nombre de réponses

% des personnes avec chaque résultat

Votre développement - résultats

Vous n’avez pas pris ce quiz